[Event "DSOL 2022"]
[Site "Germany"]
[Date "2022.02.03"]
[Round "1.2"]
[White "Meyer, Marco"]
[Black "Hoke, Joshua"]
[Result "1-0"]
[WhiteElo "1862"]
[BlackElo "1545"]
[Annotator "NA RC"]
[PlyCount "81"]
[EventDate "2022.01.31"]
[EventType "team-tourn"]
[EventCountry "GER"]
[SourceTitle "playchess.com"]
[Source "ChessBase"]
[SourceQuality "1"]
[WhiteTeam "Aachener SV"]
[BlackTeam "ESV Rot-Weiß Göttingen I"]
[TimeControl "2700+15"]

1. f4 d5 2. Nf3 Nf6 3. e3 Bg4 4. b3 Nbd7 5. Bb2 c6 6. Be2 Qc7 7. O-O Bxf3 8. Bxf3 e5 9. fxe5 Nxe5 10. d3 Bd6 11. Nd2 O-O-O (11... O-O $5 {[%cal Re5f3]} 12. Kh1 Rae8 $15) 12. h3 Rdg8 13. e4 g5 ({But not} 13... Nxf3+ 14. Qxf3 Kb8 15. Rad1 $14) (13... dxe4 $11 14. Nxe4 Nxf3+ 15. Qxf3 Nxe4 16. Qxe4 f6) 14. d4 (14. Bh5 $14 Nxh5 15. Qxh5) 14... Nxf3+ 15. Qxf3 Bf4 16. e5 Bxd2 (16... Rg6 $14) 17. Qxf6 Bf4 18. Bc1 Qd7 19. Bxf4 gxf4 20. Rf3 ({Not} 20. Qxf4 Qxh3 21. Qf5+ Qxf5 22. Rxf5 Rg4 $14) 20... Qe6 21. Qxe6+ (21. Qxf4 $18 Rg7 22. Raf1) 21... fxe6 22. Rxf4 Rg7 23. Raf1 $18 Rhg8 24. Rf8+ Rxf8 25. Rxf8+ Kc7 26. Kf2 Kb6 27. Rf6 Re7 28. g4 c5 29. c3 cxd4 30. cxd4 a5 31. g5 a4 32. bxa4 Ka5 33. Kg3 Kb4 34. h4 Kc4 35. Rf4 Rg7 36. Kg4 h6 37. Kh5 hxg5 38. hxg5 Rh7+ 39. Kg6 Rh1 40. Kf7 Rg1 41. g6 1-0

[Event "DSOL 2022"]
[Site "Germany"]
[Date "2022.02.03"]
[Round "1.2"]
[White "Shikhman, Vladimir"]
[Black "Mueller, Lukas"]
[Result "0-1"]
[WhiteElo "1745"]
[BlackElo "2137"]
[Annotator "TA"]
[PlyCount "116"]
[EventDate "2022.01.31"]
[EventType "team-tourn"]
[EventCountry "GER"]
[SourceTitle "playchess.com"]
[Source "ChessBase"]
[SourceQuality "1"]
[WhiteTeam "USG Chemnitz I"]
[BlackTeam "MSA Zugzwang"]

{[%evp 17,116,30,43,45,44,32,40,35,23,27,31,22,45,17,42,38,41,33,52,38,63,16,30,4,22,2,15,0,27,23,73,77,75,79,83,90,79,88,1047,0,375,0,85,73,127,-25,-28,-25,99,68,37,0,73,8,11,-184,0,-434,-440,-433,-433,-426,-321,-439,-339,-333,-316,-333,-320,-327,-324,-319,-322,-319,-298,-304,-85,-113,-98,-109,-68,-74,-77,-126,-148,-105,-162,-364,-363,-360,-353,-346,-349,-518,-505,-520,-506,-6518,-6107,-1292,-1035]} 1. e4 d6 2. d4 Nf6 3. Nc3 e5 4. Nf3 exd4 5. Nxd4 Be7 6. Bc4 O-O 7. O-O Nc6 8. h3 Ne5 {8...Re8 deserves study.} 9. Bb3 c5 10. Nf3 {C50: Hungarian Defence and Giuoco Pianissimo.} c4 11. Nxe5 cxb3 12. Nf3 {White is slightly better.} bxa2 13. Rxa2 Be6 14. Ra4 Qb6 {[#]} 15. b3 $146 (15. Be3 $5 {[%cal Re3b6]} Qc7 16. Qd2 $14 (16. Rxa7 Rxa7 17. Nb5 Qa5 $15) (16. Bxa7 Bd7 $15)) ({Predecessor:} 15. Be3 Qc7 16. Rd4 a6 17. Bf4 Rfd8 18. Qd2 Rac8 19. Rd1 Ne8 20. Bg5 Bxg5 21. Nxg5 {½-½ (46) Lilov,V (2443)-Bojkov,D (2477) Blagoevgrad 2009}) 15... a6 16. Bb2 Rac8 17. Re1 Qc5 18. Nd4 Bd7 19. Ra1 (19. Nf5 $14 Bxf5 20. exf5) 19... Rfe8 20. Qd3 Bf8 21. Rad1 g6 22. Nf3 Nh5 23. e5 {With the idea Ne4.} Bf5 (23... Bc6 $11) 24. Qd2 $16 dxe5 25. g4 Red8 26. Qxd8 Rxd8 27. Rxd8 Qa7 $2 {[%mdl 8192]} 28. Rdd1 $2 ({Better is} 28. Nd5 $18) 28... Qc5 {[%mdl 8192]} 29. Rd8 $2 ({Resist} 29. gxf5 f6 30. fxg6 Qc6 31. gxh7+ Kxh7) (29. Rxe5 $18 Qc6 30. Nd5 (30. gxf5 Qxf3 31. Rd3 Qc6 $18)) 29... Nf4 (29... Qa7 $1 $11) 30. Re3 $1 ({Avoid the trap} 30. gxf5 $2 Nxh3+ 31. Kh1 Qxf2 $19) 30... Nxh3+ (30... Qe7 $142 31. Rxf8+ Qxf8 32. gxf5 f6) 31. Kg2 $2 (31. Kf1 $16 Qc7 32. Rxf8+ $1 Kxf8 33. gxf5) 31... Bxg4 32. Nxe5 Be6 (32... Nf4+ $11 {remains equal.} 33. Kg3 Bf5 34. Kxf4 f6) 33. Ne4 $1 {[%mdl 1024] White has strong compensation.} Nf4+ (33... Qxc2 $2 34. Ba3 Nf4+ 35. Kh2 $18) 34. Kf3 (34. Kg1 $5 {[%cal Re4c5]} Qa5 35. Nf6+ Kg7 36. Nd5 Qxd8 37. Nc6+ Kg8 38. Nxd8 Nxd5 39. Re4 $14 (39. Nxe6 Nxe3 40. Nxf8 Nc4 $14)) 34... Qa5 {[#]} (34... Qxc2 $11 35. Ba3 Nd5 36. Bxf8 Qd1+ 37. Kg3 Qg1+ 38. Kf3 Qd1+ 39. Kg3 Qg1+ 40. Kf3 Qd1+) 35. Nf6+ ({White should play} 35. Rxf8+ $1 $16 Kxf8 36. Kxf4) 35... Kg7 $11 {[#]} 36. Ra8 {[#]} (36. Rxf8 $1 $11 Kxf8 37. Nxh7+ Ke7 38. Kxf4) 36... g5 $2 {Really sharp!} (36... Qa2 $1 $19 37. Nc4 Bxc4) 37. Nh5+ $2 {[%mdl 8192]} Kh6 $19 38. Nxf4 gxf4 39. Rd3 Be7 40. Rg8 Bg5 41. Rd1 {Intending Rh1+ and mate.} Bd5+ 42. Kg4 {[%cal Od1h1] White threatens Rh1+! and mate.} f5+ $1 43. Kxf5 {Threatens to win with Ng4+.} Bxg8 {A strong pair of Bishops.} 44. Rh1+ Kg7 45. Kxg5 Qd8+ 46. Kxf4 {Black must now prevent Nc6+.} Qf6+ (46... Qd2+ $19 {and Black stays clearly on top.} 47. Kg3 Qxc2) 47. Ke3 Qg5+ 48. f4 Qe7 (48... Qg2 $17 49. Nf3+ Kf8 50. Ba3+ Kf7) 49. Rg1+ Kf8 {Strongly threatening ...Qc5+.} 50. f5 ({White should try} 50. Rg5) 50... Qc5+ $17 51. Bd4 Qxc2 52. f6 $2 (52. Nd7+ Ke7 53. Rg7+ Kd8 54. Nc5 Qc1+ 55. Kd3 Qd1+ 56. Ke4 Qh1+ 57. Kf4 Qh4+ 58. Ke3 Qh6+ 59. Ke4 Qh1+ 60. Kf4 Qh4+ 61. Ke3 Qh6+ 62. Ke2 Qh5+ 63. Ke3 Qh6+) 52... Bd5 $19 {( -> ...Qe4+)} (52... Bxb3 53. f7 Bxf7 54. Rf1 $11) (52... Qxb3+ $2 53. Kf4 $19) 53. Nd3 Qxb3 ({Not} 53... Qh2 $2 54. Rg7 Qh6+ 55. Nf4 $19) 54. Rg7 Bf7 {aiming for ...Bg6.} 55. Bc5+ (55. Kd2 $142) 55... Ke8 {Black is clearly winning.} 56. Rxh7 Bg6 {[%csl LRd3,LRh7]} 57. Rh8+ (57. f7+ $142 Bxf7 58. Rh8+ Kd7 59. Rh4) 57... Kd7 58. Kf4 Qxd3 {Quite a comeback for Black.  Weighted Error Value: White=0.69/Black=0.45} 0-1

[Event "DSOL 2022"]
[Site "Germany"]
[Date "2022.02.03"]
[Round "1.3"]
[White "Goldinger, Peter"]
[Black "Moench, Dorothee"]
[Result "1-0"]
[WhiteElo "2063"]
[BlackElo "1722"]
[Annotator "TA"]
[PlyCount "67"]
[EventDate "2022.01.31"]
[EventType "team-tourn"]
[EventCountry "GER"]
[SourceTitle "playchess.com"]
[Source "ChessBase"]
[SourceQuality "1"]
[WhiteTeam "SF Pfullingen I"]
[BlackTeam "Bayern München II Amazonen"]

{[%evp 12,66,31,16,71,51,42,47,47,47,91,79,113,104,114,97,114,106,174,130,172,182,179,166,176,143,185,174,279,300,322,368,363,369,483,467,476,449,446,448,970,975,1120,1057,1184,1218,1510,1520,2027,2027,2507,2362,29987,29987,29998,29999,29999]} 1. d4 Nf6 2. c4 e6 3. Nc3 Bb4 4. e3 Bxc3+ 5. bxc3 c5 6. Bd3 Nc6 7. Ne2 d5 {E41: Nimzo-Indian: Rubinstein: 4...c5 5 Bd3, including Hübner Variation.} (7... O-O $11) 8. O-O ({But not} 8. dxc5 $6 dxc4 9. Bc2 (9. Bxc4 Qxd1+ 10. Kxd1 Ne4 $11) 9... Qxd1+ 10. Bxd1 Ne5 $15) 8... O-O 9. Ba3 {[#]} dxc4 $146 {White is slightly better.} ({Predecessor:} 9... b6 10. cxd5 exd5 11. dxc5 Re8 12. Nd4 Ne5 13. Bb5 Bg4 14. Qb3 bxc5 15. Bxc5 Bd7 {1-0 (51) Llorens,R-Marz,C Luxembourg 1955}) 10. Bxc4 Na5 (10... b6 $14) 11. Bd3 $16 c4 12. Bc2 {White is more active. This bishop pair is nice.} Re8 13. f3 {[%cal Bf2f3,Bf3f4][%mdl 32]} Nd5 14. Qd2 $36 {[%mdl 2048] White is in control.} e5 (14... b6 $16) 15. e4 ({White should play} 15. dxe5 $18 {Black must now prevent Rad1.} Nc6 16. Rfd1) 15... Nb6 (15... Nf6 $16 16. Rab1 Nc6) 16. Rfd1 Nc6 17. h3 Qh4 18. f4 exd4 (18... exf4 $16 19. Qxf4 (19. Nxf4 Bd7 $16) 19... Qxf4 20. Nxf4 f6) 19. cxd4 $18 Bxh3 (19... Ne7 {is a better defense.} 20. d5 Bd7) 20. gxh3 Qxh3 {[#]} 21. Qc3 Qg4+ 22. Kf2 {[%cal Bg1f2,Bf2g2,Bg2f2][%mdl 32]} Nd5 23. Qf3 Qh4+ 24. Kg2 Ndb4 25. Rac1 ({Much less strong is} 25. Rh1 Qd8 26. Bb1 Qb6 $18) 25... Nxa2 (25... Nxc2 $142 26. Rxc2 b5) 26. Rh1 Qd8 27. e5 g6 28. Qh3 {[%csl Gh1][%cal Rh3h7]} Qd5+ 29. Kf2 {[%csl Gh1][%cal Rh3h7]} h5 30. Rcg1 {[%cal Oc2g6] Threatening mate with Bxg6!} Nab4 {[#]} 31. Qxh5 $1 {[%csl Gh1][%cal Rh5h8]} Kf8 (31... Nd3+ 32. Bxd3) 32. Qg5 {White mates.} Re6 33. Rh8+ Kg7 34. Qh6# {Black did not feel at home in the position after the opening.  Weighted Error Value: White=0.08 (flawless) /Black=0.60} 1-0

[Event "DSOL 2022"]
[Site "Germany"]
[Date "2022.02.03"]
[Round "1.3"]
[White "Glitz, Martin"]
[Black "Foerster-Yialamas, Lucas"]
[Result "0-1"]
[WhiteElo "2056"]
[BlackElo "1965"]
[Annotator "TA"]
[PlyCount "56"]
[EventDate "2022.01.31"]
[EventType "team-tourn"]
[EventCountry "GER"]
[SourceTitle "playchess.com"]
[Source "ChessBase"]
[SourceQuality "1"]
[WhiteTeam "SK Herzogenaurach I"]
[BlackTeam "Frankfurter TV"]

{[%evp 19,56,0,42,38,28,39,45,52,52,52,50,45,47,71,67,81,56,64,83,90,78,0,0,0,8,-53,0,0,0,-32,-24,-113,-110,-215,-213,-1579,-1443,-1412,-1067]} 1. e4 c5 2. Nf3 d6 3. d4 cxd4 4. Nxd4 Nf6 5. Nc3 a6 6. Be3 e5 7. Nb3 Be6 8. f3 {[%cal Bf2f3,Bf3f4,Bf4f5][%mdl 32]} Nbd7 9. Qd2 b5 10. O-O-O Nb6 (10... Be7 $11) 11. Qf2 $14 {B90: Sicilian Najdorf: Unusual White 6th moves, 6 Be3 Ng4 and 6 Be3 e5.} Nfd7 12. f4 Na4 13. Nxa4 {White is slightly better.} bxa4 {[#]} 14. f5 $1 Bxb3 15. cxb3 axb3 16. axb3 Be7 17. Kb1 O-O 18. g4 {[#]} Bh4 $146 ({Predecessor:} 18... a5 19. Bb5 Rb8 20. Ba4 Nb6 21. Bc6 Bg5 22. h4 Bxe3 23. Qxe3 Rc8 24. Bb5 Rc5 25. Qxc5 dxc5 26. Rxd8 Rxd8 {1-0 (49) Acs,P (2593)-Hracek,Z (2578) Plovdiv 2003}) 19. Qf3 Rb8 {[#]} 20. Rd3 ({Don't play} 20. Bxa6 Rxb3 21. Rd3 Qb8 22. Rxb3 Qxb3 $17) (20. Bc4 $1 $16) 20... Qe7 21. Qd1 Nf6 22. Bg2 (22. g5 $1 $11 Nxe4 23. f6) 22... Ne8 (22... h6 $1 $15) 23. Qc2 Nc7 24. Rhd1 Nb5 25. Qc6 (25. Bf1 $11 {keeps the balance.}) 25... Bg5 $17 {[%cal Bh4g5,Bg5e3,Be3d4][%mdl 32]} 26. Qxa6 (26. Bxg5 $17 {keeps fighting.} Qxg5 27. Qd5) 26... Bxe3 $19 27. Qc6 (27. Rxe3 Nd4 28. Qc4) 27... Bd4 {And now ...Rfc8 would win.} 28. Qa6 Qd7 {Weighted Error Value: White=0.55/Black=0.16 (very precise)} 0-1

[Event "DSOL 2022"]
[Site "Germany"]
[Date "2022.02.03"]
[Round "1.3"]
[White "Alexopoulos, Spiros Orestis"]
[Black "Niggl, Michael"]
[Result "0-1"]
[WhiteElo "1874"]
[BlackElo "1686"]
[Annotator "NA RC"]
[PlyCount "88"]
[EventDate "2022.01.31"]
[EventType "team-tourn"]
[EventCountry "GER"]
[SourceTitle "playchess.com"]
[Source "ChessBase"]
[SourceQuality "1"]
[WhiteTeam "Aachener SV"]
[BlackTeam "ESV Rot-Weiß Göttingen I"]
[TimeControl "2700+15"]

1. e4 c5 2. Nf3 e6 3. d4 cxd4 4. Nxd4 Nc6 5. c4 Nf6 6. Nc3 Bb4 7. Qd3 Ne5 8. Qg3 d6 $1 9. f4 Nc6 10. Nxc6 (10. Qxg7 Rg8 11. Nxc6 bxc6 $15 12. Qh6 Rg6 $15) 10... bxc6 11. Bd3 d5 (11... e5 $11) 12. O-O ({Don't blunder} 12. Qxg7 $2 Rg8 13. Qh6 d4 $19) (12. e5 $14 Nh5 13. Qf3) 12... O-O 13. e5 Bxc3 14. bxc3 Nh5 (14... Ne4 $11 15. Qf3 Qa5) 15. Qh3 g6 16. g4 (16. Ba3 $142) 16... Ng7 17. Qh6 ({White should play} 17. Ba3 $16) 17... f5 18. exf6 Qxf6 19. Be3 Qxc3 20. Rad1 dxc4 21. Bc5 cxd3 22. Bxf8 Kxf8 23. Qxh7 Qd4+ 24. Kh1 Bb7 25. h3 c5+ 26. Kh2 Qe4 (26... Qb2+ 27. Kg3 Be4) 27. Rf2 c4 28. Qh4 Kf7 29. Qg3 Ne8 30. f5 $19 exf5 31. gxf5 gxf5 32. Rg1 Nf6 33. Qc7+ Ke6 34. Qf4 Qxf4+ 35. Rxf4 Be4 36. Rc1 Kd5 37. Kg1 Rg8+ 38. Kf1 Nh5 39. Rh4 Ng3+ 40. Kf2 Ne2 41. Rd1 Rg2+ 42. Ke3 f4+ 43. Kd2 c3+ 44. Ke1 Rg1+ 0-1

[Event "DSOL 2022"]
[Site "Germany"]
[Date "2022.02.03"]
[Round "1.3"]
[White "Azimov, Stanislav"]
[Black "Brozio, Jason"]
[Result "0-1"]
[WhiteElo "1683"]
[BlackElo "1907"]
[Annotator "TA"]
[PlyCount "84"]
[EventDate "2022.01.31"]
[EventType "team-tourn"]
[EventCountry "GER"]
[SourceTitle "playchess.com"]
[Source "ChessBase"]
[SourceQuality "1"]
[WhiteTeam "USG Chemnitz I"]
[BlackTeam "MSA Zugzwang"]

{[%evp 9,83,25,41,31,43,54,59,50,41,29,54,25,33,13,11,6,12,21,22,27,54,8,41,40,96,9,7,-129,-116,-123,-128,-165,-156,-170,-156,-169,-166,-176,-179,-193,-143,-372,-371,-363,-331,-445,-341,-341,-347,-328,-304,-327,-337,-320,-318,-380,-384,-527,-413,-389,-368,-1120,-560,-1631,-470,-1739,-1520,-1172,-618,-570,-556,-1902,-1851,-29983,-29984,-29999]} 1. e4 d6 2. d4 Nf6 3. Bd3 e5 4. c3 Be7 5. Ne2 O-O 6. O-O {B07: Pirc Defence: Miscellaneous Systems.} Bg4 7. f3 Bh5 {[#]} 8. Qb3 $146 {White is slightly better.} ({Predecessor:} 8. Ng3 Nbd7 9. Nxh5 Nxh5 10. f4 Nxf4 11. Bxf4 exf4 12. Rxf4 c5 13. Qb3 {½-½ (13) Roos,W (1677)-Wernsmann,R (1660) Germany 2006}) 8... Qc8 9. Nd2 Nbd7 10. Nc4 c6 11. Ne3 Bg6 12. Ng3 d5 13. Ngf5 Re8 14. exd5 exd4 {[#]} 15. cxd4 (15. dxc6 $1 $14 bxc6 16. Nxe7+ (16. cxd4 Bf8 $14) 16... Rxe7 17. cxd4) 15... cxd5 16. Bd2 Nb6 {[#]} (16... Nb8 $14) 17. Rfe1 (17. Rfc1 $1 $16 {[%cal Rc1c8]} Qd8 18. Bb5 (18. Nxe7+ Rxe7 19. Bf1 h6 $16)) 17... Bf8 $11 {[%cal Ob6c4]} 18. Bb4 (18. g4 $11 {remains equal.}) 18... Bxb4 $17 19. Qxb4 {[#]} Rxe3 $1 {[%mdl 512]} 20. Rxe3 {Hoping for Ne7+.} (20. Nxe3 Bxd3) 20... Bxf5 21. Bxf5 Qxf5 22. Re7 h5 {[%cal Bh7h5,Bh5h4][%mdl 32]} 23. Rae1 h4 24. h3 Rc8 ({Better is} 24... Qf4 $19 25. Rxb7 Nc4) 25. Qd6 $2 {Now White is beyond hope.} (25. Rxb7 $17 Rc2 26. Qe7) 25... Nc4 $19 {[%csl LRb2,LRd6]} 26. Qb4 Qf4 27. Qxb7 Qxd4+ 28. Kh1 Nd6 {[%cal Bc4d6,Bd6f5,Bf5g3][%mdl 32]} 29. Qxa7 Qxb2 30. Rc7 Rd8 31. Qa5 Qb8 32. Qc5 Nf5 {[%cal Od5d4] White must now prevent ...d4!} 33. a4 Ng3+ 34. Kg1 d4 {[%cal Bd5d4,Bd4d3,Bd3d2][%mdl 32] ...Nd5 is the strong threat.} 35. a5 $2 (35. Qe7 Rf8 36. Rb7) 35... d3 36. Qc4 Rf8 (36... Nd5 $142 37. Rxf7 Kxf7 38. Qxd3 Qa7+ 39. Kh2 Qxa5) 37. a6 (37. Rd1 $142 Nd5 38. Qxd5 Qxc7 39. Qxd3) 37... d2 38. Rd1 Qb6+ 39. Kh2 Qd6 {And now ...Nd5 would win.} 40. Kg1 Qe5 {( -> ...Qe1+)} 41. Kf2 {Prevents Qe1+.} Nd5 {[%csl Gd5][%cal Re5e3]} 42. Rxd2 Qe3# {Weighted Error Value: White=1.11/Black=0.47} 0-1

[Event "DSOL 2022"]
[Site "Germany"]
[Date "2022.02.03"]
[Round "1.3"]
[White "Wolgin, Konstantin"]
[Black "Volz, Daniel"]
[Result "1/2-1/2"]
[WhiteElo "1666"]
[BlackElo "1917"]
[Annotator "TA"]
[PlyCount "98"]
[EventDate "2022.01.31"]
[EventType "team-tourn"]
[EventCountry "GER"]
[SourceTitle "playchess.com"]
[Source "ChessBase"]
[SourceQuality "1"]
[WhiteTeam "SC Fulda I"]
[BlackTeam "SK Ettlingen II"]

{[%evp 19,98,23,40,41,50,33,58,25,35,12,32,17,25,18,24,25,25,21,22,20,16,6,12,2,14,-22,-10,-87,0,-46,-47,-41,-55,-43,-29,-53,-50,-53,0,0,0,-6,-3,-2,-12,-12,-12,-25,-28,-30,-45,-37,-18,-25,-18,-18,-18,-18,-8,-8,0,0,0,0,0,0,0,-20,0,0,0,0,0,0,0,0,0,0,0,0,0]} 1. e4 e5 2. Nf3 Nc6 3. Bb5 a6 4. Ba4 Nf6 5. O-O b5 6. Bb3 Be7 7. Re1 O-O 8. d3 d6 9. c3 Bg4 10. Nbd2 {[%cal Bb1d2,Bd2f1,Bf1g3][%mdl 32]} d5 11. exd5 {C90: Closed Ruy Lopez with 7...d6: Early deviations.} Nxd5 12. h3 Bh5 13. Nf1 {White is slightly better.} Qd6 14. Ng3 Bg6 15. d4 (15. a4 {seems wilder.} Rad8 16. Ne4 Qd7 17. axb5 axb5 18. Qe2) 15... exd4 16. Nxd4 Nxd4 17. Qxd4 c6 18. Bxd5 cxd5 {[#]} 19. Bf4 $146 ({Predecessor:} 19. Qe5 Rfe8 20. Nf5 Qxe5 21. Rxe5 Bf6 22. Rxd5 Re1+ 23. Kh2 Bg5 24. Ne3 Bf4+ 25. g3 Bxe3 {0-1 (25) Andersson,G (2315)-Westerinen,H (2485) Eksjo 1976}) 19... Qd7 20. Rad1 {[%cal Ba1d1,Bd1d2,Bd2e2][%mdl 32]} Rfd8 21. Rd2 Rac8 22. Rde2 Bc5 23. Qe5 (23. Qd1 $11 {keeps the balance.}) 23... Rc6 ({Black should play} 23... b4 $17) 24. Qg5 (24. Be3 $1 $11 {might be stronger.} Bf8 25. a3) 24... f6 $15 25. Qg4 Qxg4 (25... d4 {feels hotter.} 26. Qxd7 Rxd7 27. cxd4 Bb4 28. Rd1 Rc4) 26. hxg4 b4 27. Be3 bxc3 28. bxc3 Bxe3 (28... Bd6 $1 $15) 29. Rxe3 $11 Rdc8 30. Rd1 Rxc3 31. Rxc3 Rxc3 32. Rxd5 {[%mdl 4096] Endgame KRB-KRN} Ra3 33. Rd2 a5 34. Kf1 h6 35. Ne2 Bd3 36. Ke1 Bxe2 37. Kxe2 {KR-KR. The position is equal.} Kf7 38. f3 Ke6 39. Kf2 a4 40. Kg3 Rc3 41. Rd4 a3 {Strongly threatening ...Rc2.} 42. Rd2 {Inhibits Rc2.} Ke5 43. Kf2 f5 44. gxf5 Kxf5 45. g4+ Kf4 46. Rd4+ Ke5 47. Rd2 Kf4 48. Rd4+ Ke5 49. Rd2 Kf4 {Weighted Error Value: White=0.12 (very precise) /Black=0.08 (flawless)} 1/2-1/2

[Event "DSOL 2022"]
[Site "Germany"]
[Date "2022.02.03"]
[Round "1.4"]
[White "Orsolic, Marijan"]
[Black "Hasselbacher, Uwe"]
[Result "1-0"]
[WhiteElo "2136"]
[BlackElo "1797"]
[Annotator "TA"]
[PlyCount "97"]
[EventDate "2022.01.31"]
[EventType "team-tourn"]
[EventCountry "GER"]
[SourceTitle "playchess.com"]
[Source "ChessBase"]
[SourceQuality "1"]
[WhiteTeam "SK Ettlingen II"]
[BlackTeam "SC Fulda I"]

{[%evp 17,97,-25,-22,-20,9,-41,-12,-36,26,-60,-59,-84,-83,-127,-82,-125,-72,-129,-93,-134,-77,-77,-79,-42,-44,-85,-71,-71,-69,-75,-77,-95,-102,-116,-106,-123,-131,-136,-102,-120,-123,-121,-118,-125,-129,-161,-115,-154,-107,-109,-109,-194,-189,-196,-157,-309,-278,-279,-212,-229,-156,-197,-200,-197,-8,-8,0,0,1460,1387,1623,1326,1337,1272,1965,1913,1900,1972,1984,1862,3317,2541]} 1. c4 c5 2. g3 g6 3. Bg2 Bg7 4. Nc3 Nc6 5. a3 e6 6. Rb1 Nge7 7. Nf3 d5 8. cxd5 exd5 9. O-O O-O 10. d3 {10.b4 gains popularity. A37: Symmetrical English vs ...g6: 4 Bg2 Bg7 5 Nf3.} h6 11. h3 {[#]} (11. Bd2 $11) 11... a6 $146 ({Predecessor:} 11... Be6 12. Bd2 Rc8 13. b4 cxb4 14. axb4 b6 15. b5 Na5 16. Na2 Nb7 17. d4 Nd6 {½-½ (39) Pena Mora,C (1493)-Lopez Rayo,S (1752) Bogota 2018}) 12. Bd2 {The position is equal.} b5 (12... d4 $15 13. Ne4 b6) 13. Na2 (13. Qc1 $11) 13... Be6 $15 14. b3 Rc8 15. Re1 (15. Nc3 $142) 15... Qd7 (15... d4 $142 16. Qc1 Na5) 16. Kh2 (16. h4 $142) 16... Nf5 (16... d4 $142 17. Qc1 g5 18. Qxc5 Nd5) 17. e3 (17. Nc3 $142) 17... Rfd8 18. Qe2 (18. Nc1 $142) 18... c4 (18... d4 $142 $1 {[%cal Rd4e3] And now ...dxe3 would win.} 19. e4 Nd6) 19. bxc4 $17 dxc4 20. d4 Re8 21. Qf1 (21. Nc3 $15) 21... Nd6 22. Nc3 Bf5 23. Rb2 $1 Bd3 24. Qh1 Ne4 $36 {[%mdl 2048] White is under strong pressure.} 25. Nxe4 Bxe4 ({Much weaker is} 25... Rxe4 $6 26. Rc1 $11) 26. Nh4 Bxg2 27. Nxg2 Ne7 {aiming for ...c3.} 28. Ba5 {[#]} g5 $1 {Prevents Nf4.} 29. Rc1 f5 30. Qd1 Nd5 31. Rbc2 Qd6 ({Better is} 31... Bf8 $19 32. Ra2 Bd6) 32. a4 Re7 ({Black should try} 32... Bf8 33. h4 Qf6) 33. Qf3 Qe6 34. Kg1 (34. Ne1 $17) 34... Bf8 $19 35. Kh2 Rg7 {[%cal Oc4c3]} 36. h4 $2 (36. Ne1 $17) 36... Bd6 {[%cal Oc4c3]} 37. Kg1 Rf8 38. Re1 Nf6 {Prevents e4. Hoping for ...Ne4.} 39. axb5 (39. d5 $17 {was necessary.} Qe4 40. Qxe4 Nxe4 41. Rb1) 39... axb5 40. Qc6 {[%cal Oa5b4] [#]} gxh4 $2 (40... Qe4 $1 $19 41. Qxe4 fxe4) 41. Nxh4 f4 42. exf4 Qxe1+ {[%mdl 8192]} 43. Bxe1 $18 {White is clearly winning.} Bxf4 44. Ng2 Bg5 45. Qxb5 Ne4 46. Qxc4+ Kh8 47. d5 Nd6 48. Qd3 Re8 49. Bc3 {Weighted Error Value: White=0.28 (precise) /Black=0.33} 1-0

[Event "DSOL 2022"]
[Site "Germany"]
[Date "2022.02.03"]
[Round "1.4"]
[White "Philipp, Nils"]
[Black "Sarec, Ivica"]
[Result "1/2-1/2"]
[WhiteElo "1991"]
[BlackElo "2120"]
[Annotator "TA"]
[PlyCount "56"]
[EventDate "2022.01.31"]
[EventType "team-tourn"]
[EventCountry "GER"]
[SourceTitle "playchess.com"]
[Source "ChessBase"]
[SourceQuality "1"]
[WhiteTeam "Frankfurter TV"]
[BlackTeam "SK Herzogenaurach I"]

{[%evp 9,56,29,27,0,0,0,4,-7,-12,0,0,-131,0,0,11,0,0,-1,1,0,37,43,42,0,0,-12,0,-18,0,0,0,0,-8,-22,-22,-24,-31,-26,0,0,0,0,0,0,0,0,0,0,0]} 1. e4 c5 2. Nc3 Nc6 3. Bb5 Nd4 4. Nf3 a6 5. Bd3 Nc6 6. a4 {B23: Closed Sicilian: Lines without g3.} g6 7. O-O Bg7 8. Bc4 e6 9. d3 Nge7 10. Be3 (10. Re1 $11) 10... Nd4 (10... d5 $17 11. exd5 exd5 12. Nxd5 Nxd5 13. Bxc5 Be6) 11. Bg5 $11 O-O 12. Nxd4 cxd4 13. Ne2 h6 $1 14. Bh4 {[#]} d6 $146 ({Predecessor:} 14... g5 15. Bg3 d5 16. Bb3 e5 17. c3 dxc3 18. Nxc3 Be6 19. exd5 Nxd5 20. Re1 Nxc3 21. bxc3 Re8 22. Bxe6 Rxe6 {0-1 (49) Girya,O (2361)-Kovalevskaya,E (2421) Cheliabinsk 2008}) 15. f4 Qc7 16. Bxe7 (16. Bb3 $14 {should be considered.}) 16... Qxe7 17. Ng3 Kh7 18. f5 Be5 19. fxg6+ fxg6 20. Rxf8 Qxf8 21. Qg4 Qe7 22. Rf1 Bd7 23. Bb3 b5 24. axb5 {The position is equal.} axb5 25. Qf3 {[#] Threatens to win with Qf7+.} Kg7 {Prevents Qf7+.} 26. Qg4 Kh7 27. Qf3 {Qf7+ is the strong threat.} Kg7 {To avoid Qf7+} 28. Qg4 Kh7 {Weighted Error Value: White=0.17 (very precise) /Black=0.14 (very precise)} 1/2-1/2